Quiz sur la Yougoslavie - Statistiques

Statistiques générales
  • Ce quiz a été pris 41 fois
  • Le résultat moyen est 6 sur 13
Statistiques - réponses
Question Réponse % Correct
Capitale Belgrade
92%
Mer sur laquelle se trouvait la Yougoslavie Mer Adriatique
84%
Premier président de la Yougoslavie, « Père de la Nation » Josip Broz Tito
82%
Deuxième plus grande ville Zagreb
79%
Symbole figurant sur le drapeau yougoslave Étoile
71%
Ingénieur yougoslave, créateur, entre autres, de la radio Nikola Tesla
47%
Monnaie Dinar yougoslave
42%
Péninsule sur laquelle se trouvait la Yougoslavie Péninsule balkanique
42%
Province socialiste dont la capitale est Novi Sad Voïvodine
34%
Une boisson alcoolisée yougoslave traditionnellement à base de prunes. Rakia
29%
Écrivain yougoslave exceptionnel, lauréat du prix Nobel Ivo Andric
18%
Plus longue rivière Sava
13%
Plus grande île Krk
8%
Aucun quiz correspondant
Distribution des résultats
% des personnes avec chaque résultat
Percentile par nombre de réponses
Votre historique - résultats
Vous n’avez pas pris ce quiz